[Event "Oberliga Ost A"]
[Site "?"]
[Date "2022.06.26"]
[Round "9.2"]
[White "Zawadzka, Jolanta"]
[Black "Hellwig, Tobias"]
[Result "1-0"]
[WhiteElo "2400"]
[BlackElo "2211"]
[PlyCount "77"]
[EventDate "2021.10.10"]
[EventType "team-tourn"]
[EventCountry "GER"]
[WhiteTeam "Plauen SK Koenig"]
[BlackTeam "Sangerhausen SV"]
[WhiteTeamCountry "GER"]
[BlackTeamCountry "GER"]

1. e4 Nf6 2. e5 Nd5 3. d4 d6 4. c4 Nb6 5. exd6 exd6 6. Nc3 Nc6 7. Be3 Bf5 8.
Nf3 Be7 9. Be2 O-O 10. b3 Bf6 11. O-O d5 12. c5 Nc8 13. Qd2 N8e7 14. Rfe1 Be4
15. Rad1 Nf5 16. h3 Re8 17. b4 Nxe3 18. fxe3 Ne7 19. Nh2 Nf5 20. Nxe4 dxe4 21.
Bc4 Bg5 22. Qf2 Qd7 23. g3 h5 24. h4 Bf6 25. Rf1 g6 26. Be2 Qd5 27. Bxh5 Nxe3
28. Qxe3 Qxh5 29. Qb3 Qh8 30. Kg2 Re7 31. d5 Rae8 32. Ng4 Bg7 33. d6 cxd6 34.
cxd6 Rd7 35. Rxf7 Rxf7 36. Rf1 Ref8 37. d7 Bf6 38. Rxf6 Qg7 39. Rxf7 1-0

[Event "Oberliga Ost A"]
[Site "?"]
[Date "2022.06.26"]
[Round "9.3"]
[White "Heyder, Florian"]
[Black "Burian, Simon"]
[Result "1/2-1/2"]
[WhiteElo "2218"]
[BlackElo "2170"]
[PlyCount "100"]
[EventDate "2021.10.10"]
[EventType "team-tourn"]
[EventCountry "GER"]
[WhiteTeam "Sangerhausen SV"]
[BlackTeam "Plauen SK Koenig"]
[WhiteTeamCountry "GER"]
[BlackTeamCountry "GER"]

1. e4 c6 2. Nc3 d5 3. Nf3 Bg4 4. h3 Bxf3 5. Qxf3 e6 6. b3 d4 7. Ne2 c5 8. Nf4
Nc6 9. Bb5 Nge7 10. O-O a6 11. Be2 Ng6 12. d3 Bd6 13. g3 Qa5 14. Nh5 O-O 15. a3
Qc7 16. Qg2 f5 17. f4 Rae8 18. e5 Be7 19. Bf3 Bd8 20. Bd2 Nge7 21. Kh1 Qd7 22.
Rg1 Nd5 23. g4 g6 24. gxf5 Rxf5 25. Be4 Nce7 26. Bxf5 Nxf5 27. Qe4 Bh4 28. Be1
Bd8 29. Ng3 Rf8 30. Nxf5 Rxf5 31. Bd2 Qf7 32. Raf1 Bc7 33. Kg2 Kh8 34. Rf3 Qe7
35. Rgf1 a5 36. Qe1 b6 37. c4 dxc3 38. Bxc3 Qd7 39. Bd2 Ne7 40. Qe4 Rf8 41. Be3
Nf5 42. Bf2 Rg8 43. Kh1 Rd8 44. Rd1 Qb5 45. Rb1 Rd5 46. a4 Qd7 47. Rg1 Bd8 48.
Rg4 Nh6 49. Rg1 Nf5 50. Rg4 Nh6 1/2-1/2

[Event "Oberliga Ost A"]
[Site "?"]
[Date "2022.06.26"]
[Round "9.4"]
[White "Zaehringer, Daniel"]
[Black "Hillmann, Michael"]
[Result "1/2-1/2"]
[WhiteElo "2149"]
[BlackElo "2105"]
[PlyCount "47"]
[EventDate "2021.10.10"]
[EventType "team-tourn"]
[EventCountry "GER"]
[WhiteTeam "Plauen SK Koenig"]
[BlackTeam "Sangerhausen SV"]
[WhiteTeamCountry "GER"]
[BlackTeamCountry "GER"]

1. d4 d5 2. c4 c6 3. Nc3 Nf6 4. cxd5 cxd5 5. Bf4 a6 6. e3 Nc6 7. Bd3 e6 8. Rc1
Bd6 9. Bxd6 Qxd6 10. f4 Bd7 11. Nf3 Ng4 12. Qe2 f5 13. O-O O-O 14. Ne5 Ngxe5
15. fxe5 Qe7 16. Qd2 Rac8 17. a3 Qd8 18. b4 Na7 19. Ne2 Bb5 20. Nf4 Qd7 21. Rc5
b6 22. Rcc1 Rxc1 23. Rxc1 Rc8 24. Kf2 1/2-1/2

[Event "Oberliga Ost A"]
[Site "?"]
[Date "2022.06.26"]
[Round "9.5"]
[White "Guenther, Christian"]
[Black "Kuraszkiewicz, Michael"]
[Result "0-1"]
[WhiteElo "2144"]
[BlackElo "2250"]
[PlyCount "98"]
[EventDate "2021.10.10"]
[EventType "team-tourn"]
[EventCountry "GER"]
[WhiteTeam "Sangerhausen SV"]
[BlackTeam "Plauen SK Koenig"]
[WhiteTeamCountry "GER"]
[BlackTeamCountry "GER"]

1. d4 Nf6 2. c4 c5 3. d5 e5 4. Nc3 d6 5. g3 g6 6. Bg2 Bg7 7. e4 a6 8. a4 Nbd7
9. Nge2 O-O 10. O-O Ne8 11. f4 exf4 12. gxf4 Rb8 13. Ng3 Qh4 14. Be3 Ndf6 15.
Kh1 Ng4 16. Bg1 Bd4 17. Rf3 Nef6 18. Nce2 Bxg1 19. Qxg1 b5 20. axb5 axb5 21. b3
bxc4 22. bxc4 Rb4 23. Rc1 Ba6 24. Rfc3 Rfb8 25. h3 Rb2 26. e5 dxe5 27. fxe5
Nxe5 28. Qxc5 Bc8 29. Qd4 Neg4 30. Kg1 Qh6 31. d6 Rd2 32. Rd3 Rxd3 33. Qxd3 Ne3
34. Qd2 Rb3 35. Rc3 Rxc3 36. Nxc3 Qf4 37. Nce2 Qe5 38. Qb4 Bd7 39. Qb8+ Kg7 40.
Qc7 Qe6 41. c5 Nxg2 42. Kxg2 Qxh3+ 43. Kf2 Qh2+ 44. Kf1 Bb5 45. Qb6 Ng4 46. Ke1
Qf2+ 47. Kd2 Qe3+ 48. Ke1 Bd7 49. Qb2+ Ne5 0-1

[Event "Oberliga Ost A"]
[Site "?"]
[Date "2022.06.26"]
[Round "9.6"]
[White "Sandner, Gunter"]
[Black "Ellemann, Stefan"]
[Result "1/2-1/2"]
[WhiteElo "2247"]
[BlackElo "2038"]
[PlyCount "38"]
[EventDate "2021.10.10"]
[EventType "team-tourn"]
[EventCountry "GER"]
[WhiteTeam "Plauen SK Koenig"]
[BlackTeam "Sangerhausen SV"]
[WhiteTeamCountry "GER"]
[BlackTeamCountry "GER"]

1. Nf3 Nf6 2. c4 e6 3. g3 Be7 4. Bg2 O-O 5. d4 d5 6. Qc2 dxc4 7. a4 a6 8. Qxc4
b5 9. Qd3 b4 10. Bg5 Bb7 11. Nbd2 c5 12. O-O cxd4 13. Qxd4 Qxd4 14. Nxd4 Bxg2
15. Kxg2 Rd8 16. N2b3 Rd5 17. Bf4 Nbd7 18. f3 Bf8 19. Be3 Ne5 1/2-1/2

[Event "Oberliga Ost A"]
[Site "?"]
[Date "2022.06.26"]
[Round "9.7"]
[White "Richter, Dustin"]
[Black "Hoerr, Matthias"]
[Result "0-1"]
[WhiteElo "2174"]
[BlackElo "2152"]
[PlyCount "116"]
[EventDate "2021.10.10"]
[EventType "team-tourn"]
[EventCountry "GER"]
[WhiteTeam "Sangerhausen SV"]
[BlackTeam "Plauen SK Koenig"]
[WhiteTeamCountry "GER"]
[BlackTeamCountry "GER"]

1. c4 c5 2. e3 g6 3. Nf3 Bg7 4. Be2 Nf6 5. O-O O-O 6. d4 cxd4 7. Nxd4 Nc6 8.
Nc3 Nxd4 9. exd4 d5 10. c5 b6 11. b4 a5 12. Na4 bxc5 13. bxc5 Ba6 14. Nb6 Bxe2
15. Qxe2 Ra7 16. Rb1 Nd7 17. Be3 Nb8 18. Qb5 e6 19. Rfc1 Qe8 20. c6 Rc7 21.
Qxa5 Rxc6 22. Qa8 Rxc1+ 23. Rxc1 Qb5 24. Qb7 Nd7 25. Qxd7 Qxb6 26. Qa4 Qb7 27.
h3 Ra8 28. Qc6 Qxc6 29. Rxc6 Kf8 30. Rc2 Ra4 31. Rd2 Ke7 32. Kf1 Kd6 33. Ke2 e5
34. dxe5+ Bxe5 35. Bh6 d4 36. Bf8+ Kd5 37. Rc2 Bd6 38. Bxd6 Kxd6 39. Rb2 Ra3
40. Kd2 Kd5 41. Kc1 f5 42. Rd2 f4 43. Kb2 Ra7 44. Rd3 g5 45. Rb3 Kc4 46. g3 Re7
47. gxf4 Re2+ 48. Kb1 d3 49. Kc1 Rxa2 50. Rb7 gxf4 51. Rxh7 Rxf2 52. h4 Rh2 53.
h5 Kc3 54. Rc7+ Kd4 55. Rd7+ Ke3 56. Re7+ Kf2 57. Re5 f3 58. Kd2 Kg1+ 0-1

[Event "Oberliga Ost A"]
[Site "?"]
[Date "2022.06.26"]
[Round "9.8"]
[White "Fischer, Erik"]
[Black "Buerckner, Georg"]
[Result "1/2-1/2"]
[WhiteElo "2026"]
[BlackElo "2029"]
[PlyCount "23"]
[EventDate "2021.10.10"]
[EventType "team-tourn"]
[EventCountry "GER"]
[WhiteTeam "Plauen SK Koenig"]
[BlackTeam "Sangerhausen SV"]
[WhiteTeamCountry "GER"]
[BlackTeamCountry "GER"]

1. e4 e5 2. Nf3 Nc6 3. Bc4 Bc5 4. O-O d6 5. c3 h6 6. d3 Nge7 7. Re1 O-O 8. h3
Kh8 9. d4 exd4 10. cxd4 Bb6 11. Nc3 f5 12. e5 1/2-1/2

[Event "Oberliga Ost A"]
[Site "?"]
[Date "2022.04.02"]
[Round "10.1"]
[White "Pulpan, Jakub"]
[Black "Paul, Johannes"]
[Result "1/2-1/2"]
[WhiteElo "2420"]
[BlackElo "2294"]
[PlyCount "148"]
[EventDate "2021.10.10"]
[EventType "team-tourn"]
[EventCountry "GER"]
[WhiteTeam "Aue ESV Nickelhuette"]
[BlackTeam "Magdeburg SG Aufbau Elbe II"]
[WhiteTeamCountry "GER"]
[BlackTeamCountry "GER"]

1. Nf3 Nf6 2. b3 g6 3. Bb2 Bg7 4. g3 O-O 5. Bg2 d5 6. O-O c5 7. e3 Nc6 8. Ne5
Nxe5 9. Bxe5 Bg4 10. Qe1 Qd7 11. d3 Bh3 12. Nd2 Bxg2 13. Kxg2 Qc6 14. Qe2 Rfd8
15. Nf3 Rac8 16. Rfd1 d4 17. e4 Bh6 18. c3 dxc3 19. Bxc3 b5 20. a4 b4 21. Bb2
Qe6 22. Qc2 Nd7 23. a5 a6 24. h4 Nb8 25. h5 Nc6 26. hxg6 fxg6 27. Rh1 Nd4 28.
Bxd4 cxd4 29. Qd1 g5 30. Rh5 Rc5 31. Rc1 Rc3 32. Rb1 Rc5 33. Nh4 Bg7 34. Nf5 h6
35. Qg4 Kf8 36. Rbh1 Rxf5 37. Qxf5+ Qxf5 38. exf5 Rc8 39. Kf3 Rc5 40. Ke4 Rxa5
41. f4 Kf7 42. fxg5 hxg5 43. Rxg5 Re5+ 44. Kf4 Bf6 45. Rh7+ Kf8 46. Rg6 Re3 47.
g4 a5 48. g5 Be5+ 49. Kg4 Rg3+ 50. Kh4 Rg1 51. Rgh6 a4 52. bxa4 b3 53. Rh8+
Bxh8 54. Rxh8+ Kf7 55. Rb8 Rb1 56. Kg3 b2 57. Kg2 Kg7 58. Rb7 Kf7 59. Kh2 Rf1
60. Rxb2 Rxf5 61. Ra2 Rxg5 62. a5 Rg8 63. a6 Ke6 64. Ra4 Kd5 65. a7 Ra8 66. Kg3
Kc6 67. Kf4 Kb6 68. Ke5 Rxa7 69. Rxd4 Ra1 70. Ke6 Re1+ 71. Re4 Rxe4+ 72. dxe4
Kc5 73. Kxe7 Kd4 74. e5 Kxe5 1/2-1/2

[Event "Oberliga Ost A"]
[Site "?"]
[Date "2022.04.02"]
[Round "10.2"]
[White "Armbrust, Florian"]
[Black "Cerveny, Martin"]
[Result "0-1"]
[WhiteElo "2297"]
[BlackElo "2408"]
[PlyCount "116"]
[EventDate "2021.10.10"]
[EventType "team-tourn"]
[EventCountry "GER"]
[WhiteTeam "Magdeburg SG Aufbau Elbe II"]
[BlackTeam "Aue ESV Nickelhuette"]
[WhiteTeamCountry "GER"]
[BlackTeamCountry "GER"]

1. e4 c5 2. Nc3 Nc6 3. Bb5 g6 4. Bxc6 dxc6 5. d3 Bg7 6. Be3 b6 7. Qd2 e5 8. f4
exf4 9. Bxf4 Be6 10. Nf3 h6 11. O-O g5 12. Bg3 Ne7 13. Rae1 Ng6 14. h3 Qd7 15.
e5 O-O 16. Ne4 Bd5 17. Nf6+ Bxf6 18. exf6 Bxf3 19. Rxf3 Rae8 20. Ref1 Kh7 21.
Rf5 Rg8 22. R5f2 Re6 23. Re1 Rge8 24. Rxe6 Rxe6 25. b3 Qd8 26. Qc3 Qd4 27. Qxd4
cxd4 28. Bb8 a5 29. Bc7 c5 30. Rf5 Rc6 31. Bd8 Nf4 32. h4 Ne6 33. Be7 Kg6 34.
Re5 gxh4 35. Re4 Nc7 36. Rg4+ Kf5 37. Rg7 Ke6 38. Rh7 Nd5 39. Rxh6 Rc8 40. Rxh4
Rg8 41. Re4+ Kd7 42. Re2 a4 43. bxa4 Ra8 44. g4 Rxa4 45. g5 Nf4 46. Re5 Rxa2
47. Rf5 Ng6 48. Rf2 Ra1+ 49. Kg2 Re1 50. Kf3 Rg1 51. Rh2 Rxg5 52. Rh7 Rf5+ 53.
Kg4 Rf1 54. Kg5 Ke6 55. Bd8 Rg1+ 56. Kh6 b5 57. Kg7 Ne7+ 58. Kh6 Nf5+ 0-1

[Event "Oberliga Ost A"]
[Site "?"]
[Date "2022.04.02"]
[Round "10.3"]
[White "Eichner, Sebastian"]
[Black "Schoene, Maria"]
[Result "1-0"]
[WhiteElo "2353"]
[BlackElo "2210"]
[PlyCount "85"]
[EventDate "2021.10.10"]
[EventType "team-tourn"]
[EventCountry "GER"]
[WhiteTeam "Aue ESV Nickelhuette"]
[BlackTeam "Magdeburg SG Aufbau Elbe II"]
[WhiteTeamCountry "GER"]
[BlackTeamCountry "GER"]

1. Nf3 Nf6 2. c4 g6 3. Nc3 Bg7 4. e4 d6 5. d4 O-O 6. Be2 e5 7. O-O Nc6 8. Be3
Ng4 9. Bg5 f6 10. Bc1 Kh8 11. h3 exd4 12. Nxd4 Nxd4 13. Qxd4 f5 14. Qd1 Ne5 15.
f4 Nc6 16. Bf3 Nd4 17. Be3 Nxf3+ 18. Qxf3 fxe4 19. Qxe4 Re8 20. Qd3 Bf5 21. Qd2
Qf6 22. Rf2 a6 23. Nd5 Qf7 24. Bd4 Re4 25. Bxg7+ Qxg7 26. Re1 Rae8 27. Rfe2 Kg8
28. Nc3 Rxe2 29. Rxe2 Rxe2 30. Nxe2 Qe7 31. Nc3 c6 32. Kh2 b5 33. Qd4 b4 34.
Nd1 c5 35. Qd5+ Qe6 36. Qa8+ Qc8 37. Qa7 Bd3 38. Ne3 Qe6 39. Qb8+ Kg7 40. Qc7+
Kg8 41. Qb8+ Kf7 42. Qb7+ Qe7 43. Qd5+ 1-0

[Event "Oberliga Ost A"]
[Site "?"]
[Date "2022.04.02"]
[Round "10.4"]
[White "Rafayevych, Vilen"]
[Black "Spiess, Gunter"]
[Result "0-1"]
[WhiteElo "2156"]
[BlackElo "2388"]
[PlyCount "78"]
[EventDate "2021.10.10"]
[EventType "team-tourn"]
[EventCountry "GER"]
[WhiteTeam "Magdeburg SG Aufbau Elbe II"]
[BlackTeam "Aue ESV Nickelhuette"]
[WhiteTeamCountry "GER"]
[BlackTeamCountry "GER"]

1. c4 e6 2. Nc3 d5 3. cxd5 exd5 4. d4 c6 5. Qc2 g6 6. Bf4 Bf5 7. Qd2 Nf6 8. Bh6
Bxh6 9. Qxh6 Nbd7 10. Nf3 Qe7 11. Rc1 Qb4 12. Qe3+ Kf8 13. Qh6+ Kg8 14. Qd2 Kg7
15. e3 Qe7 16. Bd3 Bxd3 17. Qxd3 Ne4 18. h4 h6 19. h5 g5 20. Nd2 f5 21. g4 Rhf8
22. gxf5 Nd6 23. Ne2 Nxf5 24. Ng3 Qe6 25. Rg1 Rae8 26. Ke2 Nxg3+ 27. Rxg3 Qf7
28. Nf3 Nf6 29. Nxg5 hxg5 30. Rxg5+ Kh8 31. Rg6 Nh7 32. Rf1 Qf3+ 33. Ke1 Qxh5
34. Rfg1 Rg8 35. f4 Rxg6 36. Rxg6 Rxe3+ 37. Qxe3 Qxg6 38. Qe5+ Nf6 39. f5 Qe8
0-1

[Event "Oberliga Ost A"]
[Site "?"]
[Date "2022.04.02"]
[Round "10.5"]
[White "Langrock, Hannes"]
[Black "Wagner, Benjamin"]
[Result "1-0"]
[WhiteElo "2355"]
[BlackElo "2036"]
[PlyCount "79"]
[EventDate "2021.10.10"]
[EventType "team-tourn"]
[EventCountry "GER"]
[WhiteTeam "Aue ESV Nickelhuette"]
[BlackTeam "Magdeburg SG Aufbau Elbe II"]
[WhiteTeamCountry "GER"]
[BlackTeamCountry "GER"]

1. d4 d5 2. c4 e6 3. Nf3 Nf6 4. g3 Bb4+ 5. Bd2 Bd6 6. Nc3 O-O 7. Bg5 c6 8. Bg2
Nbd7 9. e4 dxe4 10. Nxe4 Be7 11. Nc3 Re8 12. O-O Nf8 13. Re1 Ng6 14. Qb3 Qc7
15. Rac1 Bd7 16. Ne5 Nxe5 17. dxe5 Ng4 18. Bxe7 Rxe7 19. f4 Rd8 20. c5 f5 21.
exf6 Nxf6 22. Bh3 Kh8 23. Re5 Be8 24. Rce1 Bf7 25. Qb4 Nd7 26. R5e3 Rde8 27.
Ne4 Nf6 28. Nd6 Nd5 29. Nxf7+ Rxf7 30. Rxe6 Ref8 31. Qd4 Qd8 32. Rd1 Qa5 33. a3
Qb5 34. Bf1 Qa5 35. Bc4 Nxf4 36. gxf4 Rxf4 37. Qxf4 Qxc5+ 38. Qd4 Qg5+ 39. Kh1
Qh5 40. Rf1 1-0

[Event "Oberliga Ost A"]
[Site "?"]
[Date "2022.04.02"]
[Round "10.6"]
[White "Sieber, Martin"]
[Black "Solberg, Joachim"]
[Result "1-0"]
[WhiteElo "1922"]
[BlackElo "2211"]
[PlyCount "63"]
[EventDate "2021.10.10"]
[EventType "team-tourn"]
[EventCountry "GER"]
[WhiteTeam "Magdeburg SG Aufbau Elbe II"]
[BlackTeam "Aue ESV Nickelhuette"]
[WhiteTeamCountry "GER"]
[BlackTeamCountry "GER"]

1. d4 Nf6 2. c4 e6 3. Nf3 d5 4. g3 dxc4 5. Qa4+ c6 6. Qxc4 b5 7. Qc2 Bb7 8. Bg2
Be7 9. O-O O-O 10. a3 Nbd7 11. Nc3 a5 12. Rd1 Nd5 13. Ne4 h6 14. Nc5 Nxc5 15.
dxc5 Qb8 16. e4 Nf6 17. Bf4 Qa7 18. Bd6 Bxd6 19. Rxd6 Rac8 20. Rad1 Ba8 21. Ne5
Qb8 22. Qd2 b4 23. axb4 axb4 24. Nd7 Nxd7 25. Rxd7 Qb5 26. Qd4 Rb8 27. Bf1 Qa5
28. Bc4 b3 29. Bxe6 Bb7 30. Bxf7+ Rxf7 31. Qc4 Rbf8 32. Rxb7 1-0

[Event "Oberliga Ost A"]
[Site "?"]
[Date "2022.04.02"]
[Round "10.8"]
[White "Willberg, Frank"]
[Black "Schramm, Torsten"]
[Result "1/2-1/2"]
[WhiteElo "1893"]
[BlackElo "2225"]
[PlyCount "32"]
[EventDate "2021.10.10"]
[EventType "team-tourn"]
[EventCountry "GER"]
[WhiteTeam "Magdeburg SG Aufbau Elbe II"]
[BlackTeam "Aue ESV Nickelhuette"]
[WhiteTeamCountry "GER"]
[BlackTeamCountry "GER"]

1. Nf3 d6 2. c4 e5 3. Nc3 f5 4. d3 Nf6 5. g3 Be7 6. Bg2 c6 7. O-O Na6 8. Rb1
O-O 9. b4 Nc7 10. b5 cxb5 11. cxb5 Kh8 12. Bd2 Ne6 13. Qb3 Nc5 14. Qb2 Ne6 15.
Qb3 Nc5 16. Qb2 Ne6 1/2-1/2

[Event "Oberliga Ost A"]
[Site "?"]
[Date "2022.04.02"]
[Round "10.1"]
[White "Belous, Mikhail"]
[Black "Hovsepyan, Vardan"]
[Result "1-0"]
[WhiteElo "2362"]
[BlackElo "2240"]
[PlyCount "85"]
[EventDate "2021.10.10"]
[EventType "team-tourn"]
[EventCountry "GER"]
[WhiteTeam "Dessau SK"]
[BlackTeam "Hoyerswerda FVS ASP"]
[WhiteTeamCountry "GER"]
[BlackTeamCountry "GER"]

1. d4 e6 2. c4 f5 3. Nf3 Nf6 4. g3 b6 5. Bg2 Bb7 6. O-O Be7 7. d5 Bd6 8. Nd4
Bc5 9. Nc3 O-O 10. Bf4 Re8 11. dxe6 Bxg2 12. Kxg2 Bxd4 13. Qxd4 Nc6 14. Qd3
dxe6 15. Qxd8 Raxd8 16. Bxc7 Rd4 17. b3 e5 18. Rfd1 Re7 19. Bd6 Rd7 20. Ba3 Kf7
21. Rac1 Rd2 22. Kf1 g5 23. Rxd2 Rxd2 24. Ke1 Rd8 25. Nd5 g4 26. Bb2 h5 27. f3
h4 28. gxh4 Rh8 29. Rd1 Ne8 30. fxg4 fxg4 31. Kf2 Rxh4 32. Kg2 Ke6 33. Rf1 Rh6
34. Rf8 Nf6 35. Rc8 Nd4 36. Bxd4 exd4 37. Rc6+ Ke5 38. Rxf6 Rxf6 39. Nxf6 Kxf6
40. b4 Ke5 41. Kg3 Ke4 42. c5 bxc5 43. bxc5 1-0

[Event "Oberliga Ost A"]
[Site "?"]
[Date "2022.04.02"]
[Round "10.2"]
[White "Jahnel, Guenther"]
[Black "Matthey, Harald"]
[Result "1-0"]
[WhiteElo "2185"]
[BlackElo "2098"]
[PlyCount "57"]
[EventDate "2021.10.10"]
[EventType "team-tourn"]
[EventCountry "GER"]
[WhiteTeam "Hoyerswerda FVS ASP"]
[BlackTeam "Dessau SK"]
[WhiteTeamCountry "GER"]
[BlackTeamCountry "GER"]

1. d4 d5 2. c4 c5 3. cxd5 Qxd5 4. Nf3 cxd4 5. Nc3 Qa5 6. Nxd4 Nf6 7. e3 e5 8.
Nb3 Qc7 9. Be2 a6 10. O-O Bb4 11. Bd2 Nc6 12. Rc1 O-O 13. Ne4 Qe7 14. Nxf6+
gxf6 15. a3 Bd6 16. Na5 Nxa5 17. Bxa5 Be6 18. Qd2 Rfc8 19. Rcd1 Bc5 20. e4 b6
21. Bc3 Bb3 22. Rc1 Rd8 23. Qh6 Rd6 24. Qh4 Kh8 25. Bg4 Be6 26. Bxe5 Bxg4 27.
Bxd6 Qxd6 28. Qxg4 Rg8 29. Qf3 1-0

[Event "Oberliga Ost A"]
[Site "?"]
[Date "2022.04.02"]
[Round "10.3"]
[White "Schubert, Ralf"]
[Black "Boehm, Robert"]
[Result "1/2-1/2"]
[WhiteElo "2109"]
[BlackElo "2145"]
[PlyCount "32"]
[EventDate "2021.10.10"]
[EventType "team-tourn"]
[EventCountry "GER"]
[WhiteTeam "Dessau SK"]
[BlackTeam "Hoyerswerda FVS ASP"]
[WhiteTeamCountry "GER"]
[BlackTeamCountry "GER"]

1. d4 d5 2. c4 e6 3. Nc3 Nf6 4. Nf3 c6 5. cxd5 exd5 6. Bg5 Be7 7. e3 Nbd7 8.
Bd3 Nh5 9. Bxe7 Qxe7 10. O-O Nhf6 11. Qc2 O-O 12. Rfc1 Re8 13. Na4 g6 14. Nc5
Nxc5 15. Qxc5 Qxc5 16. Rxc5 Nd7 1/2-1/2

[Event "Oberliga Ost A"]
[Site "?"]
[Date "2022.04.02"]
[Round "10.4"]
[White "Grohmann, Alexander"]
[Black "Erler, Rainer"]
[Result "1/2-1/2"]
[WhiteElo "1961"]
[BlackElo "2100"]
[PlyCount "121"]
[EventDate "2021.10.10"]
[EventType "team-tourn"]
[EventCountry "GER"]
[WhiteTeam "Hoyerswerda FVS ASP"]
[BlackTeam "Dessau SK"]
[WhiteTeamCountry "GER"]
[BlackTeamCountry "GER"]

1. e4 e5 2. Nf3 Nc6 3. Bc4 Nf6 4. d3 Be7 5. c3 O-O 6. Bb3 d5 7. Qe2 d4 8. h3
Nd7 9. Ba4 dxc3 10. Bxc6 cxb2 11. Bxb2 bxc6 12. O-O Ba6 13. Rd1 f6 14. Qc2 c5
15. Nc3 Rb8 16. Rd2 c6 17. a4 Qa5 18. Ba3 Rf7 19. Nh4 g6 20. Nf3 Bf8 21. Rdd1
Nb6 22. Nd2 c4 23. dxc4 Nxc4 24. Bxf8 Kxf8 25. Nxc4 Bxc4 26. Rd6 Qc7 27. Rd2
Be6 28. Rc1 Rb4 29. Nd5 Bxd5 30. exd5 c5 31. d6 Qc6 32. Qxc5 Qxc5 33. Rxc5 Rd7
34. a5 Kf7 35. Kf1 Ke6 36. Rcd5 Rc4 37. Ke2 Rc6 38. Rb5 Rcxd6 39. Rc2 Rd5 40.
Rc6+ R7d6 41. Rxd5 Rxc6 42. Rb5 Kd6 43. Kd3 Rc5 44. Rb7 Rxa5 45. Rxh7 Ra3+ 46.
Kd2 Ke6 47. Rc7 Kf5 48. Rc6 g5 49. Rd6 a5 50. Rc6 a4 51. Ra6 Ra2+ 52. Ke3 Ra1
53. g4+ Kg6 54. Ra7 Ra3+ 55. Ke2 Rxh3 56. Rxa4 Rh7 57. Ke3 Rd7 58. Rb4 Kf7 59.
Ke4 Ke6 60. Rb6+ Rd6 61. Rb4 1/2-1/2

[Event "Oberliga Ost A"]
[Site "?"]
[Date "2022.04.02"]
[Round "10.5"]
[White "Leibovitch, Iziaslav"]
[Black "Heyme, Sibylle"]
[Result "1-0"]
[WhiteElo "2074"]
[BlackElo "2018"]
[PlyCount "63"]
[EventDate "2021.10.10"]
[EventType "team-tourn"]
[EventCountry "GER"]
[WhiteTeam "Dessau SK"]
[BlackTeam "Hoyerswerda FVS ASP"]
[WhiteTeamCountry "GER"]
[BlackTeamCountry "GER"]

1. Nf3 Nf6 2. g3 g6 3. Bg2 Bg7 4. O-O O-O 5. d3 d6 6. e4 c5 7. Re1 Nc6 8. Nbd2
Rb8 9. a4 a6 10. Nc4 b5 11. axb5 axb5 12. Ne3 Bd7 13. c3 Re8 14. Nd5 e6 15.
Nxf6+ Bxf6 16. h4 b4 17. Bg5 bxc3 18. bxc3 Bxg5 19. hxg5 Rb7 20. e5 d5 21. Qd2
Qc7 22. Qf4 Bc8 23. Nh2 Qe7 24. Ng4 Rd8 25. Nf6+ Kh8 26. Qh4 h5 27. g4 Kg7 28.
gxh5 Rh8 29. h6+ Kf8 30. h7 Qd8 31. Qh6+ Ke7 32. Qg7 1-0

[Event "Oberliga Ost A"]
[Site "?"]
[Date "2022.04.02"]
[Round "10.6"]
[White "Hassemeier, Mika"]
[Black "Ozeran, Volodymyr"]
[Result "1-0"]
[WhiteElo "2109"]
[BlackElo "2081"]
[PlyCount "93"]
[EventDate "2021.10.10"]
[EventType "team-tourn"]
[EventCountry "GER"]
[WhiteTeam "Hoyerswerda FVS ASP"]
[BlackTeam "Dessau SK"]
[WhiteTeamCountry "GER"]
[BlackTeamCountry "GER"]

1. d4 d5 2. c4 e6 3. Nc3 Nf6 4. cxd5 exd5 5. Bg5 Be7 6. e3 h6 7. Bh4 O-O 8. Bd3
c6 9. Qc2 Re8 10. Nge2 Nbd7 11. O-O Ne4 12. Bxe7 Qxe7 13. Rae1 Ndf6 14. f3 Nxc3
15. Nxc3 Bd7 16. e4 Qb4 17. Qf2 Re7 18. e5 Nh7 19. f4 f5 20. a3 Qb6 21. Na4 Qc7
22. Nc5 Rf8 23. Nxd7 Qxd7 24. Qc2 Qe6 25. g4 g6 26. gxf5 gxf5 27. Kh1 Rg7 28.
Rg1 Rff7 29. Rxg7+ Kxg7 30. Rg1+ Kf8 31. Qc5+ Ke8 32. Qxa7 Qc8 33. Be2 Kd7 34.
Bh5 Re7 35. Bg6 Kc7 36. Qc5 Rg7 37. Bxh7 Rxh7 38. b4 Qd8 39. Qa5+ Kd7 40. Qxd8+
Kxd8 41. Rg6 Kd7 42. Rf6 b6 43. b5 Rg7 44. Rxc6 Rg4 45. Rxb6 Rxf4 46. Rd6+ Kc7
47. Rxd5 1-0

[Event "Oberliga Ost A"]
[Site "?"]
[Date "2022.04.02"]
[Round "10.7"]
[White "Schneider, Jens Erik"]
[Black "Kregelin, Jan"]
[Result "0-1"]
[WhiteElo "2031"]
[BlackElo "2123"]
[PlyCount "46"]
[EventDate "2021.10.10"]
[EventType "team-tourn"]
[EventCountry "GER"]
[WhiteTeam "Dessau SK"]
[BlackTeam "Hoyerswerda FVS ASP"]
[WhiteTeamCountry "GER"]
[BlackTeamCountry "GER"]

1. d4 d5 2. c4 e6 3. Nc3 Be7 4. e3 Nf6 5. Nf3 O-O 6. Be2 b6 7. cxd5 exd5 8. O-O
Bb7 9. Ne5 Nbd7 10. f4 c5 11. Qa4 Nxe5 12. fxe5 Ne4 13. Nxe4 dxe4 14. Bd2 a6
15. Bc3 b5 16. Qd1 Qd5 17. b3 Rad8 18. Qe1 cxd4 19. exd4 f6 20. Qg3 f5 21. h4
Rc8 22. Rad1 f4 23. Qe1 f3 0-1

[Event "Oberliga Ost A"]
[Site "?"]
[Date "2022.04.02"]
[Round "10.2"]
[White "Rudolf, Sebastian"]
[Black "Collini, Carsten"]
[Result "1-0"]
[WhiteElo "2309"]
[BlackElo "2112"]
[PlyCount "113"]
[EventDate "2021.10.10"]
[EventType "team-tourn"]
[EventCountry "GER"]
[WhiteTeam "Dresden SG Gruen Weiss"]
[BlackTeam "Leipzig VfB"]
[WhiteTeamCountry "GER"]
[BlackTeamCountry "GER"]

1. e4 e5 2. Nf3 d6 3. d4 Nf6 4. Nc3 Nbd7 5. Bc4 Be7 6. O-O O-O 7. Re1 c6 8. a4
b6 9. b3 Qc7 10. Bb2 a6 11. Bd3 Re8 12. Ne2 Bf8 13. Ng3 g6 14. c3 Bg7 15. b4
Nf8 16. h3 Ne6 17. Qc2 Nf4 18. Bf1 a5 19. Bc1 N6h5 20. Nxh5 Nxh5 21. dxe5 dxe5
22. Be3 Nf4 23. bxa5 Rxa5 24. Reb1 c5 25. Qb3 Bd7 26. Qxb6 Qxb6 27. Rxb6 Bxa4
28. Bc4 h6 29. Rb7 Ne6 30. Rb2 Raa8 31. Rba2 Bc6 32. Rxa8 Rxa8 33. Rxa8+ Bxa8
34. Bxe6 fxe6 35. Nd2 Bf8 36. f3 Kf7 37. Nb3 Bc6 38. Bxc5 Ba4 39. Bxf8 Bxb3 40.
Bxh6 Bc4 41. Bg5 Bd3 42. Kf2 Bc4 43. Bd8 Bb5 44. h4 Ba6 45. g4 Bb5 46. Ke3 Ba6
47. Bc7 Kf6 48. g5+ Kf7 49. Bxe5 Bb5 50. Kd4 Ke7 51. c4 Ba4 52. c5 Bd1 53. h5
gxh5 54. c6 Ba4 55. c7 Bd7 56. g6 h4 57. Ke3 1-0

[Event "Oberliga Ost A"]
[Site "?"]
[Date "2022.04.02"]
[Round "10.4"]
[White "Siedentopf, Daniel"]
[Black "Just, Wolfgang"]
[Result "1-0"]
[WhiteElo "2262"]
[BlackElo "2075"]
[PlyCount "61"]
[EventDate "2021.10.10"]
[EventType "team-tourn"]
[EventCountry "GER"]
[WhiteTeam "Dresden SG Gruen Weiss"]
[BlackTeam "Leipzig VfB"]
[WhiteTeamCountry "GER"]
[BlackTeamCountry "GER"]

1. d4 e6 2. e4 d5 3. Nc3 Bb4 4. e5 c5 5. a3 Ba5 6. b4 cxb4 7. Nb5 Nc6 8. Bd2 a6
9. Nd6+ Kf8 10. axb4 Bxb4 11. Bxb4 Nxb4 12. c3 Nc6 13. Bd3 Nh6 14. Qh5 Qc7 15.
Ne2 Bd7 16. O-O Nd8 17. f4 Nf5 18. Bxf5 exf5 19. Nxf5 Bxf5 20. Qxf5 h5 21. Qd3
Rc8 22. f5 Rh6 23. Qf3 Qc4 24. Rac1 Nc6 25. Nf4 Na5 26. f6 gxf6 27. Nxd5 Nb3
28. Rcd1 f5 29. Qxf5 Qxd5 30. Qxc8+ Kg7 31. c4 1-0